000 00269nam a2200121Ia 4500
008 231129s9999||||xx |||||||||||||| ||spa||
040 _bspa
082 _a851 T214
100 _aTasso Torcuato
245 0 _aJerusalen libertada
264 _aIberia
942 _2ddc
_cBKS
999 _c16090
_d16090